Pôsobenie gaziel v cestovnom ruchu ako fenomén udržateľného rozvoja

Skúmanie pôsobenia gaziel v službách a cestovnom ruchu v Slovenskej republike. Inovácie ako faktor dynamizácie rastu podnikov v službách. Aplikácia na podmienky SR.

Salvato in:
Dettagli Bibliografici
Autore principale: Kubičková, Viera, 1970-
Altri autori: Krošláková, Monika, 1975-, Michálková, Anna, 1968-
Natura: Capitolo di libro
Lingua:slovacco
Soggetti:
Tags: Aggiungi Tag
Nessun Tag, puoi essere il primo ad aggiungerne!!

MARC

LEADER 00000naa$a2200000$$$4500
001 0259501
005 20240502083739.3
041 0 |a slo 
044 |a CZ 
245 1 0 |a Pôsobenie gaziel v cestovnom ruchu ako fenomén udržateľného rozvoja  |c Viera Kubičková, Monika Krošláková, Anna Michálková 
520 |a Skúmanie pôsobenia gaziel v službách a cestovnom ruchu v Slovenskej republike. Inovácie ako faktor dynamizácie rastu podnikov v službách. Aplikácia na podmienky SR. 
610 2 0 |a ruch cestovný 
610 2 0 |a Slovensko 
610 2 0 |a inovácie technologické 
610 2 0 |a rast hospodársky 
610 2 0 |a marketing 
100 1 |a Kubičková, Viera, 1970- 
700 1 |a Krošláková, Monika, 1975- 
700 1 |a Michálková, Anna, 1968-